Meist übersetzte Persönlichkeiten des 19. Jahrhunderts - Statistiken

Allgemein
  • Dieses Quiz wurde 63 mal gespielt
  • Das Durchschnittsergebnis liegt bei 18 aus 30
Antwortstatistiken
# Lebensdaten Nationalität Beruf Person % Korrekt
228 1879-1955 Deutschland,Schweiz, Vereinigte Staaten Physiker Albert Einstein
98%
201 1878-1953 Sowjetunion Politiker Josef Stalin
98%
208 1870-1924 Sowjetunion Politiker Wladimir Lenin
96%
241 1889-1945 Österreich Politiker Adolf Hitler
92%
200 1869-1948 Indien Aktivist Mohandas Gandhi
90%
210 1853-1890 Niederlande Künstler Vincent van Gogh
90%
186 1867-1934 Polen,Frankreich Physikerin,Chemikerin Marie Curie
88%
204 1881-1973 Spanien Künstler Pablo Picasso
86%
201 1809-1865 Vereinigte Staaten Politiker Abraham Lincoln
78%
185 1856-1939 Österreich Psychologe,Arzt Sigmund Freud
76%
202 1809-1882 Vereinigtes Königreich Biologe,Geologe Charles Darwin
74%
180 1882-1945 Vereinigte Staaten Politiker Franklin D. Roosevelt
74%
178 1874-1965 Vereinigtes Königreich Politiker Winston Churchill
72%
203 1881-1938 Türkei Politiker Mustafa Kemal Atatürk
64%
167 1890-1970 Frankreich General,Politiker Charles de Gaulle
62%
179 1893-1976 China Politiker Mao Zedong
60%
205 1818-1883 Deutschland Philosoph,Historiker Karl Marx
56%
183 1828-1910 Russland Schriftsteller Lew Tolstoi
50%
159 1833-1896 Schweden Chemiker Alfred Nobel
46%
179 1805-1875 Dänemark Dichter, Schriftsteller Hans Christian Andersen
46%
171 1844-1900 Deutschland Philosoph,Philologe Friedrich Nietzsche
44%
162 1810-1849 Polen Komponist,Pianist Frédéric Chopin
40%
157 1872-1928 Norwegen Entdecker Roald Amundsen
40%
170 1883-1924 Österreich,Tschechoslowakei Schriftsteller Franz Kafka
38%
166 1856-1943 Österreich-Ungarn, Vereinigte Staaten Ingenieur Nikola Tesla
32%
188 1847-1931 Vereinigte Staaten Ingenieur,Unternehmer Thomas Edison
30%
178 1821-1881 Russland Schriftsteller Fjodor Dostojewski
28%
166 1812-1870 Vereinigtes Königreich Schriftsteller Charles Dickens
26%
195 1889-1977 Vereinigte Staaten Schauspieler,Regisseur Charlie Chaplin
22%
177 1802-1885 Frankreich Schriftsteller,Politiker Victor Hugo
14%
Keine übereinstimmenden Quizze gefunden
Verteilung der Resultate
Anzahl Personen mit jedem Resultat
Perzentil nach korrekt beantworteten Fragen
Ihre Resultats-Entwicklung
Sie haben dieses Quiz noch nicht gespielt